| 000 | 00528nam a22001577a 4500 | ||
|---|---|---|---|
| 005 | 20251108172322.0 | ||
| 008 | 250721s1987 xx 000 0 ara d | ||
| 082 | 1 | 4 | _a301.43/محم |
| 100 | 1 | _aعبد الحميد، محمد نبيل | |
| 245 | 1 | 0 |
_aالعلاقات الأسرية للمسنين : _bو توافقهم النفسي / |
| 264 | 1 |
_aالاسكندريه : _bالدار الفنية للطباعة و النشر، _c1987. |
|
| 300 | _a381ص | ||
| 650 | 1 | 7 | _aالشيخوخه |
| 942 |
_2ddc _cBK |
||
| 999 |
_c76080 _d76080 |
||